00281nam a2200121Ia 4500003000400000005001700004008004100021020001900062040002000081100001400101245003600115260000800151OSt20240319100531.0170523s9999 xx 000 0 und d a978-0070151314 cIIMT UNIVERSITY aNag- P.K. 0aBasic of Applied Thermodynamics aTMH